00221nam a2200085Ia 4500008004100000041000800041100001700049245001800066260005100084231107s1986 xx 000 0 und d aeng aGallion A B. aUrban Pattern aNew DelhibCBS Publishers & Distributorsc1986